[Event "27e Open International Avoine"]
[Site "Espace culturel d'Avoine-37420"]
[Date "2012.07.26"]
[Round "6.38"]
[White "Leriche, Luc"]
[Black "Muller, Etienne"]
[Result "1-0"]
[WhiteElo "2084"]
[BlackElo "1875"]
[PlyCount "71"]
[EventDate "2012.??.??"]

1. e4 c5 2. Nf3 e6 3. g3 Nc6 4. Bg2 Nge7 5. O-O g6 6. d4 d5 7. exd5 Qxd5 8. Nc3
Qd8 9. Ne4 Bg7 10. dxc5 O-O 11. Qxd8 Rxd8 12. c3 Bd7 13. Bg5 h6 14. Bf6 Bxf6
15. Nxf6+ Kg7 16. Ne4 e5 17. Nd6 Rab8 18. Rfe1 f6 19. Nd2 Nf5 20. N2c4 Nxd6 21.
Nxd6 Bg4 22. b4 Bc8 23. Rad1 Kf8 24. Be4 Kg7 25. Rd2 Ne7 26. Red1 f5 27. Bg2
Kg8 28. Nxc8 Rdxc8 29. Rd7 Nc6 30. Bxc6 Rxc6 31. R1d6 Rxd6 32. cxd6 e4 33. c4
Kf8 34. Kf1 Rc8 35. Rc7 Rb8 36. d7 1-0

[Event "27e Open International Avoine"]
[Site "Espace culturel d'Avoine-37420"]
[Date "2012.07.26"]
[Round "6.39"]
[White "Testa, Stephane"]
[Black "Deslias, Gregoire"]
[Result "0-1"]
[WhiteElo "1864"]
[BlackElo "2075"]
[PlyCount "94"]
[EventDate "2012.??.??"]

1. e4 e5 2. d4 exd4 3. Qxd4 Nc6 4. Qe3 Nf6 5. Nc3 Bb4 6. Bd2 O-O 7. O-O-O Re8
8. Bc4 d6 9. f3 Ne5 10. Bb3 a5 11. a3 Bc5 12. Qe1 c6 13. Na4 Ned7 14. Bf4 b5
15. Nxc5 dxc5 16. Rd6 c4 17. Ba2 Nh5 18. Be3 Qc7 19. Qd2 Ne5 20. g4 Nf6 21. Bf4
Nfd7 22. g5 b4 23. a4 Ba6 24. Bxe5 Nxe5 25. f4 Nd3+ 26. Rxd3 cxd3 27. Nf3 Rxe4
28. Ne5 Re2 29. Qd1 Rxc2+ 30. Kb1 Qd6 31. Bb3 Re2 32. g6 hxg6 33. Bxf7+ Kf8 34.
Qb3 Rxe5 35. fxe5 Qxe5 36. Bxg6 Qd5 37. Rf1+ Ke7 38. Rf7+ Kd6 39. Qxd5+ Kxd5
40. Rxg7 Ke6 41. Be4 Rf8 42. Rg1 c5 43. Rd1 c4 44. b3 Ke5 45. Bg6 Rf6 46. Bh7
Rh6 47. Re1+ Kd4 0-1

[Event "27e Open International Avoine"]
[Site "Espace culturel d'Avoine-37420"]
[Date "2012.07.26"]
[Round "6.40"]
[White "Messinger, Karl"]
[Black "Seifried, Johannes"]
[Result "1-0"]
[WhiteElo "2060"]
[BlackElo "1862"]
[PlyCount "53"]
[EventDate "2012.??.??"]

1. e4 c6 2. d4 d5 3. e5 Bf5 4. h4 h5 5. Bg5 Qb6 6. Bd3 Bxd3 7. Qxd3 e6 8. Ne2
Ne7 9. O-O Nd7 10. Nd2 Nf5 11. c4 Be7 12. Bxe7 Kxe7 13. Nf3 Qa6 14. b3 g6 15.
Ng3 Rag8 16. Rac1 Nb6 17. Qd2 Qa3 18. Rc2 Kd7 19. c5 Nc8 20. Rb1 b5 21. cxb6
axb6 22. Nxf5 gxf5 23. Ng5 Rg7 24. b4 Qa4 25. b5 c5 26. dxc5 Qxh4 27. f4 1-0

[Event "27e Open International Avoine"]
[Site "Espace culturel d'Avoine-37420"]
[Date "2012.07.26"]
[Round "6.42"]
[White "Binois, Rudy"]
[Black "Egreteau, Eric"]
[Result "0-1"]
[WhiteElo "1830"]
[BlackElo "2044"]
[PlyCount "130"]
[EventDate "2012.??.??"]

1. c4 e5 2. Nc3 Nc6 3. g3 g6 4. Bg2 Bg7 5. e3 d6 6. Nge2 Be6 7. b3 Qd7 8. d4
Bh3 9. O-O h5 10. f3 Bxg2 11. Kxg2 h4 12. g4 h3+ 13. Kg1 Nge7 14. d5 Nd8 15. e4
f5 16. Ng3 Nf7 17. Nh1 Rh4 18. Nf2 Bh6 19. Kh1 O-O-O 20. Rg1 Rf8 21. Rg3 fxg4
22. Nxg4 Bxc1 23. Rxc1 g5 24. Qe2 Ng6 25. Rcg1 Kb8 26. Nd1 Nf4 27. Qf1 c5 28.
Nde3 Qd8 29. Nf5 Rh7 30. Nge3 Qa5 31. Qf2 Ka8 32. Qc2 Qc7 33. Nd1 Rb8 34. Nc3
a6 35. Ra1 Qd8 36. Nd1 Nh6 37. Nde3 Nxf5 38. Nxf5 Qf6 39. Rag1 Rg8 40. Qd2 Ka7
41. a3 b6 42. Rg4 Rg6 43. Rb1 Rc7 44. b4 cxb4 45. Qxb4 Rb7 46. Rb3 Qd8 47. Qd2
Rc7 48. Ne3 Rc5 49. Rg1 Rg7 50. Rgb1 Rb7 51. Qb2 Qc7 52. a4 Rb8 53. Kg1 Rb7 54.
Kh1 Ra5 55. Ra1 Rb8 56. Nc2 Ng6 57. Rg1 Rxa4 58. Nb4 Ne7 59. Rxg5 Qxc4 60. Kg1
Qc5+ 61. Kf1 a5 62. Rg7 Rxb4 63. Rxe7+ Rb7 64. Re6 Rxb3 65. Qxb3 Rg7 0-1

[Event "27e Open International Avoine"]
[Site "Espace culturel d'Avoine-37420"]
[Date "2012.07.26"]
[Round "6.43"]
[White "Dussert, Philippe"]
[Black "Le Montagner, Yoann"]
[Result "1/2-1/2"]
[WhiteElo "1813"]
[BlackElo "2040"]
[PlyCount "94"]
[EventDate "2012.??.??"]

1. e4 c5 2. Nf3 d6 3. d4 cxd4 4. Nxd4 Nf6 5. Nc3 g6 6. Bc4 Bg7 7. Be3 O-O 8. f3
Nc6 9. Qd2 Ne5 10. Bb3 Bd7 11. Bh6 Rc8 12. Bxg7 Kxg7 13. O-O-O Qa5 14. Nd5
Qxd2+ 15. Rxd2 Nxd5 16. exd5 f5 17. f4 Ng4 18. Re2 Rf7 19. Rhe1 Kf8 20. g3 Nf6
21. c3 Rc5 22. Ne6+ Bxe6 23. dxe6 Rg7 24. Bc2 Rg8 25. Rg2 Kg7 26. h3 h5 27. Bd1
b6 28. g4 fxg4 29. hxg4 hxg4 30. Bxg4 Nxg4 31. Rxg4 Kf6 32. Rh4 g5 33. Rh7 Rg7
34. Rxg7 Kxg7 35. fxg5 Kg6 36. Rf1 Rf5 37. Rh1 Kxg5 38. Rh8 Kf6 39. Ra8 a5 40.
Ra6 b5 41. Rxa5 Kxe6 42. Kc2 Rc5 43. b4 Re5 44. a4 bxa4 45. Rxa4 Kd7 46. Kd3
Kc6 47. c4 Rh5 1/2-1/2

[Event "27e Open International Avoine"]
[Site "Espace culturel d'Avoine-37420"]
[Date "2012.07.26"]
[Round "6.44"]
[White "Trouve, Guillaume"]
[Black "Sobry, Sebastien"]
[Result "0-1"]
[WhiteElo "1796"]
[BlackElo "2039"]
[PlyCount "68"]
[EventDate "2012.??.??"]

1. e4 e5 2. Nf3 Nc6 3. Bb5 a6 4. Ba4 Nf6 5. O-O b5 6. Bb3 Be7 7. Re1 O-O 8. c3
d5 9. exd5 Nxd5 10. Nxe5 Nxe5 11. Rxe5 Nf6 12. d4 Bd6 13. Re1 Ng4 14. g3 Nxh2
15. Bd5 Bxg3 16. fxg3 Qxd5 17. Kxh2 Bb7 18. Rg1 Rae8 19. g4 Re6 20. c4 Qd6+ 21.
Kh3 Rfe8 22. d5 Re2 23. Rg3 Re1 24. Qd2 Rh1+ 25. Kg2 Rg1+ 26. Kxg1 Qxg3+ 27.
Kf1 Qf3+ 28. Kg1 Re2 29. Qxe2 Qxe2 30. Nc3 Qxg4+ 31. Kf2 Qxc4 32. Be3 b4 33.
Ne2 Qxd5 34. Nf4 Qf3+ 0-1

[Event "27e Open International Avoine"]
[Site "Espace culturel d'Avoine-37420"]
[Date "2012.07.26"]
[Round "6.45"]
[White "Perez, Alexandre"]
[Black "Dessenne, Francois"]
[Result "0-1"]
[WhiteElo "1792"]
[BlackElo "2030"]
[PlyCount "61"]
[EventDate "2012.??.??"]

1. e4 e5 2. Nf3 Nc6 3. Bc4 Nf6 4. d3 Bc5 5. h3 d6 6. c3 Bb6 7. Be3 Qe7 8. Nbd2
h6 9. Qc2 Be6 10. O-O g5 11. d4 Bxc4 12. Nxc4 exd4 13. Nxd4 Qxe4 14. Qxe4+ Nxe4
15. Nxb6 axb6 16. Nxc6 bxc6 17. Bd4 O-O 18. f4 c5 19. Be3 Rfe8 20. fxg5 hxg5
21. Rf3 Kg7 22. Raf1 f6 23. h4 g4 24. Rf4 g3 25. Rg4+ Kf7 26. h5 Nxc3 27. Bg5
Ne4 28. Bh4 d5 29. h6 Rg8 30. Rgf4 Rg6 31. Rf5 0-1

[Event "27e Open International Avoine"]
[Site "Espace culturel d'Avoine-37420"]
[Date "2012.07.26"]
[Round "6.46"]
[White "Ashanina, Olga"]
[Black "Gaftarnik, Olivier"]
[Result "1-0"]
[WhiteElo "2027"]
[BlackElo "1855"]
[PlyCount "105"]
[EventDate "2012.??.??"]

1. e4 e5 2. Nf3 Nc6 3. Bb5 a6 4. Ba4 Nf6 5. O-O b5 6. Bb3 Be7 7. h3 O-O 8. Re1
d6 9. c3 Na5 10. Bc2 c5 11. d4 Qc7 12. dxe5 dxe5 13. Nbd2 Rd8 14. Qe2 Nc6 15.
Nf1 h6 16. Ne3 Be6 17. Nh2 Bf8 18. Qf3 Ne7 19. Nhg4 Nxg4 20. hxg4 Ng6 21. g3 a5
22. Kg2 Qd7 23. Rh1 f6 24. Nf5 Ne7 25. Be3 Nc6 26. Rh4 a4 27. Rah1 Na5 28.
Nxh6+ gxh6 29. Bxh6 Bg7 30. Bxg7 Qxg7 31. Rh8+ Qxh8 32. Rxh8+ Kxh8 33. Qxf6+
Kh7 34. Qxe6 Rd2 35. Qf5+ Kh6 36. g5+ Kg7 37. Qxe5+ Kg8 38. Qe6+ Kg7 39. Qf6+
Kg8 40. e5 Ra7 41. Qg6+ Kf8 42. e6 Nc4 43. Qf6+ Kg8 44. e7 Ne3+ 45. Kf3 Rxf2+
46. Kxe3 Rxf6 47. e8=Q+ Rf8 48. Qe6+ Kg7 49. Qe5+ Kg8 50. Qxc5 Re8+ 51. Kf4
Rf8+ 52. Kg4 Rd7 53. Qxb5 1-0

[Event "27e Open International Avoine"]
[Site "Espace culturel d'Avoine-37420"]
[Date "2012.07.26"]
[Round "6.47"]
[White "Jouneau, Quentin"]
[Black "Piron, Jean-Marie"]
[Result "0-1"]
[WhiteElo "2026"]
[BlackElo "1810"]
[PlyCount "56"]
[EventDate "2012.??.??"]

1. e4 e6 2. Qe2 a6 3. g3 b5 4. Bg2 Bb7 5. Nf3 c5 6. d3 Nc6 7. O-O Be7 8. Re1 g5
9. h3 h5 10. Nh2 Qc7 11. c3 O-O-O 12. Nf3 g4 13. hxg4 hxg4 14. Ng5 Nh6 15. e5
Rdg8 16. Ne4 Qxe5 17. Bf4 Qh5 18. Bd6 Nf5 19. Bxe7 Ncxe7 20. a4 Qh2+ 21. Kf1
Nd5 22. axb5 Nde3+ 23. fxe3 Bxe4 24. dxe4 Nxg3+ 25. Kf2 Nxe2 26. Rxe2 Qh4+ 27.
Kg1 Rg6 28. bxa6 Rf6 0-1

[Event "27e Open International Avoine"]
[Site "Espace culturel d'Avoine-37420"]
[Date "2012.07.26"]
[Round "6.50"]
[White "Smith, Matthieu"]
[Black "Auvray, Honorine"]
[Result "1/2-1/2"]
[WhiteElo "2009"]
[BlackElo "1813"]
[PlyCount "81"]
[EventDate "2012.??.??"]

1. e4 c5 2. b4 cxb4 3. a3 bxa3 4. Nxa3 d6 5. d4 Nf6 6. Bd3 e6 7. c3 Nc6 8. Qd2
a6 9. f4 Na5 10. Rb1 b5 11. c4 bxc4 12. Nxc4 Nxc4 13. Bxc4 d5 14. exd5 Nxd5 15.
Nf3 Nc3 16. Qd3 Nxb1 17. Qxb1 Be7 18. O-O Qc7 19. Bd3 h6 20. Qa2 O-O 21. Qe2
Bb7 22. Ne5 Qd6 23. Be3 Bd5 24. Qh5 Rab8 25. f5 exf5 26. Qxf5 g6 27. Qg4 h5 28.
Qf4 Rb2 29. Rf2 Rxf2 30. Qxf2 a5 31. g4 h4 32. g5 Kg7 33. Bf4 Qe6 34. Bb5 Bd6
35. Bd7 Qe7 36. Qxh4 Rh8 37. Qe1 Bb4 38. Qf2 Rf8 39. Qh4 Rh8 40. Qf2 Rf8 41.
Qh4 1/2-1/2

[Event "27e Open International Avoine"]
[Site "Espace culturel d'Avoine-37420"]
[Date "2012.07.27"]
[Round "7.1"]
[White "Bon, Michael"]
[Black "Inkiov, Ventzislav"]
[Result "1-0"]
[WhiteElo "2304"]
[BlackElo "2460"]
[PlyCount "147"]
[EventDate "2012.??.??"]

1. e4 e5 2. Nc3 Nf6 3. Bc4 Nc6 4. d3 Na5 5. Nge2 Nxc4 6. dxc4 Bc5 7. f3 d6 8.
Qd3 Be6 9. b3 Nd7 10. h4 a6 11. Bb2 O-O 12. g4 c6 13. a3 b5 14. cxb5 axb5 15.
b4 Bc4 16. Qd2 Ba7 17. Qxd6 Qb6 18. O-O-O Rad8 19. Ng3 Nf6 20. Qe7 Rde8 21. Qd6
Rd8 22. Qe7 Rde8 23. Qd6 Qe3+ 24. Kb1 Qxf3 25. Nf5 Nxe4 26. Nxe4 Qxe4 27. Rhe1
Qxg4 28. Ne7+ Kh8 29. Nxc6 Bf2 30. Nxe5 Qe6 31. Qxe6 Bxe6 32. Rh1 Rd8 33. Rxd8
Rxd8 34. Rf1 Rd2 35. Nf3 Re2 36. Bd4 Be3 37. Bxe3 Rxe3 38. Nd4 Bc4 39. Rf3 Re4
40. Nf5 g6 41. Nd6 Rxh4 42. Rc3 Be2 43. Re3 Rh2 44. c4 bxc4 45. b5 Bd3+ 46. Ka1
Rh1+ 47. Ka2 Rd1 48. Nxf7+ Kg7 49. Ne5 Rd2+ 50. Ka1 Bf1 51. a4 h5 52. b6 Rd6
53. a5 Rd5 54. Nc6 Rb5 55. Re7+ Kf6 56. b7 c3 57. Re1 Rxb7 58. Rxf1+ Kg5 59. a6
Rb6 60. a7 Ra6+ 61. Kb1 c2+ 62. Kb2 h4 63. Rf8 Rxc6 64. Kc1 Ra6 65. a8=Q Rxa8
66. Rxa8 h3 67. Rg8 Kf5 68. Kxc2 g5 69. Kd3 Kf4 70. Ke2 Kg3 71. Rxg5+ Kh2 72.
Kf2 Kh1 73. Kg3 h2 74. Ra5 1-0

[Event "27e Open International Avoine"]
[Site "Espace culturel d'Avoine-37420"]
[Date "2012.07.27"]
[Round "7.3"]
[White "Colin, Vincent"]
[Black "Shirazi, Kamran"]
[Result "1/2-1/2"]
[WhiteElo "2391"]
[BlackElo "2417"]
[PlyCount "146"]
[EventDate "2012.??.??"]

1. d4 Nf6 2. c4 a6 3. Nc3 c5 4. dxc5 e5 5. Nf3 Nc6 6. Bg5 Bxc5 7. e3 h6 8. Bxf6
Qxf6 9. a3 Qd8 10. Be2 d6 11. O-O O-O 12. b4 Ba7 13. Qd2 Bf5 14. Rad1 e4 15.
Nd4 Nxd4 16. exd4 Re8 17. Nd5 Rc8 18. c5 Be6 19. Ne3 d5 20. f3 exf3 21. Bxf3
Bb8 22. g3 Rc7 23. Rf2 g6 24. Re1 Kg7 25. Ng2 Rce7 26. Nf4 Bf5 27. Rxe7 Rxe7
28. Nxd5 Rd7 29. Ne3 Rxd4 30. Nxf5+ gxf5 31. Qe2 a5 32. Bxb7 axb4 33. axb4 Rxb4
34. Qf3 Qd4 35. Kg2 Qxc5 36. Bd5 Rd4 37. Bb3 f4 38. gxf4 Bxf4 39. h4 h5 40. Bd1
Kh6 41. Rb2 Qf5 42. Be2 Qg6+ 43. Kf2 Bc1 44. Rc2 Rf4 45. Rxc1 Qg4 46. Rh1 f5
47. Qxf4+ Qxf4+ 48. Bf3 Kg6 49. Rh3 Kf6 50. Kg2 Qd2+ 51. Kg1 Qh6 52. Bg2 Ke5
53. Kh2 Qf4+ 54. Kg1 Qd4+ 55. Kh2 Kf4 56. Rf3+ Kg4 57. Rh3 Qe5+ 58. Kh1 f4 59.
Kg1 Kf5 60. Kh1 Ke6 61. Kg1 Kd6 62. Kh1 Kc5 63. Kg1 Kd4 64. Kh1 Qe2 65. Kg1
Qd1+ 66. Kh2 Qe1 67. Bf3 Qe5 68. Kg1 Qg7+ 69. Bg2 Qc7 70. Kh1 Ke5 71. Kg1 Kf5
72. Kh1 Kg4 73. Kg1 Qc1+ 1/2-1/2

[Event "27e Open International Avoine"]
[Site "Espace culturel d'Avoine-37420"]
[Date "2012.07.27"]
[Round "7.5"]
[White "Decosse, Jean-Fabien"]
[Black "Lagarde, Maxime"]
[Result "0-1"]
[WhiteElo "2216"]
[BlackElo "2505"]
[PlyCount "100"]
[EventDate "2012.??.??"]

1. d4 Nf6 2. c4 e6 3. Nc3 Bb4 4. Qc2 O-O 5. a3 Bxc3+ 6. Qxc3 b5 7. c5 Nc6 8.
Nf3 Ne4 9. Qc2 f5 10. e3 a6 11. Bd3 Bb7 12. O-O Rf6 13. Nd2 Nxd2 14. Bxd2 Rg6
15. f3 Qh4 16. Be1 Qg5 17. Qf2 Rf8 18. Bd2 Qh5 19. Be2 e5 20. f4 Qh3 21. Bf3 e4
22. Kh1 Qh6 23. Bd1 Ne7 24. a4 Bd5 25. axb5 axb5 26. Be2 c6 27. Ra7 Be6 28. Ba5
Nd5 29. Ra1 Rc8 30. Rb7 Ra8 31. Ra3 Rf6 32. Bc7 Rxa3 33. bxa3 Rf8 34. Bb8 Qg6
35. Bd1 Nf6 36. h3 Qe8 37. Bd6 Qa8 38. Bxf8 Qxb7 39. Bd6 Qa6 40. Qb2 b4 41.
Qxb4 Qf1+ 42. Kh2 Qxd1 43. Qb8+ Kf7 44. Qf8+ Kg6 45. Be5 Qb3 46. Bxf6 gxf6 47.
Qe8+ Bf7 48. Qxd7 Qxe3 49. Qxc6 Qxf4+ 50. Kh1 e3 0-1

[Event "27e Open International Avoine"]
[Site "Espace culturel d'Avoine-37420"]
[Date "2012.07.27"]
[Round "7.6"]
[White "Haub, Thorsten Michael"]
[Black "Barbot, Pierre"]
[Result "1-0"]
[WhiteElo "2466"]
[BlackElo "2271"]
[PlyCount "77"]
[EventDate "2012.??.??"]

1. g3 c5 2. Nf3 Nc6 3. d3 g6 4. Bg2 Bg7 5. O-O Nf6 6. e4 O-O 7. c3 Rb8 8. Re1
b5 9. d4 cxd4 10. Nxd4 Qc7 11. e5 Ne8 12. f4 a6 13. Nxc6 dxc6 14. Be3 Be6 15.
Nd2 Rd8 16. Qe2 Bd5 17. Ne4 f6 18. Qf2 Qd7 19. Nc5 Qc8 20. Bxd5+ Rxd5 21. e6
Nc7 22. Nd7 Nxe6 23. Nb6 Qb7 24. Nxd5 cxd5 25. Rad1 Qc6 26. Rd2 Kf7 27. f5 gxf5
28. Qxf5 Nc7 29. Rd4 e6 30. Qh5+ Kg8 31. Rh4 Ne8 32. Qxh7+ Kf7 33. Qh5+ Ke7 34.
Qg6 Rf7 35. Bd4 f5 36. Rh7 Bxd4+ 37. cxd4 Rxh7 38. Qxh7+ Kd8 39. Qg8 1-0

[Event "27e Open International Avoine"]
[Site "Espace culturel d'Avoine-37420"]
[Date "2012.07.27"]
[Round "7.7"]
[White "Payen, Arnaud"]
[Black "Tirard, Hugo"]
[Result "0-1"]
[WhiteElo "2351"]
[BlackElo "2452"]
[PlyCount "92"]
[EventDate "2012.??.??"]

1. d4 Nf6 2. c4 g6 3. Nc3 Bg7 4. e4 d6 5. f3 O-O 6. Bg5 c5 7. d5 e6 8. Qd2 exd5
9. cxd5 a6 10. a4 Re8 11. Be2 Nbd7 12. Nh3 h6 13. Be3 Nh7 14. O-O h5 15. Nf2
Ndf8 16. Bd3 f5 17. Kh1 Be5 18. exf5 Bxf5 19. Bxf5 gxf5 20. Nd3 Ng6 21. Nxe5
Rxe5 22. Bf2 Qf8 23. Rfe1 Rae8 24. Rxe5 Rxe5 25. Re1 Rxe1+ 26. Bxe1 Qe8 27. Bg3
f4 28. Qe1 Kf7 29. Ne4 Qe5 30. Bf2 Nf6 31. b4 c4 32. Nc3 Qxe1+ 33. Bxe1 Ne7 34.
Ne4 Nxe4 35. fxe4 Ng8 36. Kg1 Nf6 37. Kf2 Nxe4+ 38. Kf3 Nf6 39. Kxf4 Nxd5+ 40.
Ke4 Nf6+ 41. Kd4 b5 42. axb5 axb5 43. h3 Ke6 44. g3 Nd7 45. Bd2 Ne5 46. Ke4 d5+
0-1

[Event "27e Open International Avoine"]
[Site "Espace culturel d'Avoine-37420"]
[Date "2012.07.27"]
[Round "7.8"]
[White "Anton, Teodor"]
[Black "Stephan, Victor"]
[Result "1-0"]
[WhiteElo "2423"]
[BlackElo "2253"]
[PlyCount "101"]
[EventDate "2012.??.??"]

1. d4 Nf6 2. c4 e6 3. Nf3 d5 4. g3 dxc4 5. Bg2 a6 6. O-O Nc6 7. e3 Bd7 8. Qe2
Bd6 9. Qxc4 O-O 10. Nc3 Rb8 11. e4 e5 12. dxe5 Nxe5 13. Nxe5 Bxe5 14. f4 Be6
15. Qe2 Bd4+ 16. Be3 Ng4 17. Bxd4 Qxd4+ 18. Kh1 Ne3 19. Rfe1 Nxg2 20. Kxg2 b5
21. Rad1 Qb6 22. f5 Bc4 23. Qg4 b4 24. Nd5 Bxd5 25. Rxd5 Rbd8 26. Red1 Rxd5 27.
Rxd5 Qc6 28. Qe2 Re8 29. Rd4 a5 30. Qc4 Qf6 31. Rd2 Qe7 32. Rd5 h6 33. e5 Rd8
34. b3 Rxd5 35. Qxd5 Qg5 36. Qe4 Qd2+ 37. Kh3 Qd1 38. e6 Qh5+ 39. Kg2 fxe6 40.
fxe6 Kf8 41. g4 Qg5 42. Qd4 h5 43. Qf2+ Kg8 44. Qf7+ Kh7 45. Qxh5+ Qxh5 46.
gxh5 Kg8 47. Kf3 c5 48. Ke4 c4 49. bxc4 a4 50. Kd3 Kf8 51. c5 1-0

[Event "27e Open International Avoine"]
[Site "Espace culturel d'Avoine-37420"]
[Date "2012.07.27"]
[Round "7.9"]
[White "Louis, Thibault"]
[Black "Jolly, Jean-Francois"]
[Result "0-1"]
[WhiteElo "2151"]
[BlackElo "2409"]
[PlyCount "110"]
[EventDate "2012.??.??"]

1. e4 e5 2. Nf3 Nc6 3. Bb5 a6 4. Bxc6 dxc6 5. O-O f6 6. d4 exd4 7. Nxd4 c5 8.
Ne2 Qxd1 9. Rxd1 Bd7 10. Nbc3 O-O-O 11. Be3 Re8 12. Rd2 Bc6 13. Rad1 b6 14. f3
Ne7 15. Nf4 Ng6 16. Nxg6 hxg6 17. Bf4 Be7 18. Nd5 Bd8 19. Bg3 g5 20. c4 g6 21.
b4 cxb4 22. Nxb4 Ba4 23. Rb1 a5 24. Nd5 Bc6 25. Bf2 f5 26. Bd4 Rh7 27. exf5
gxf5 28. Bf6 Bxd5 29. Bxd8 Rxd8 30. cxd5 Rhd7 31. Rb5 Rd6 32. Kf2 f4 33. Rd4
Kb7 34. h4 Ka6 35. Rb1 gxh4 36. Rbd1 Rf8 37. Rh1 c5 38. Rd2 Rh8 39. a4 Rh5 40.
Rhd1 Re5 41. Kg1 c4 42. Kh2 c3 43. Rc2 Rexd5 44. Rxd5 Rxd5 45. Rxc3 Rd4 46. Ra3
b5 47. axb5+ Kxb5 48. Rb3+ Rb4 49. Rd3 a4 50. Kh3 Rb2 51. Rd8 a3 52. Ra8 a2 53.
Rb8+ Kc4 54. Rxb2 a1=Q 55. Re2 Kd3 0-1

[Event "27e Open International Avoine"]
[Site "Espace culturel d'Avoine-37420"]
[Date "2012.07.27"]
[Round "7.10"]
[White "Petre, Nad-Titus"]
[Black "Le Borgne, Pierre"]
[Result "1-0"]
[WhiteElo "2362"]
[BlackElo "2233"]
[PlyCount "91"]
[EventDate "2012.??.??"]

1. c4 d6 2. Nc3 f5 3. g3 Nf6 4. Bg2 g6 5. d3 Bg7 6. e4 fxe4 7. dxe4 O-O 8. Nge2
c6 9. h3 Nbd7 10. Be3 Ne5 11. b3 Nfd7 12. f4 Nf7 13. O-O Qa5 14. Qd2 a6 15.
Rac1 Nc5 16. Rb1 Qc7 17. b4 Nd7 18. Rfc1 Nb6 19. Qd3 Be6 20. Nd5 cxd5 21. cxd5
Nxd5 22. Rxc7 Nxc7 23. Nd4 Bd7 24. Qb3 e5 25. fxe5 dxe5 26. Nf3 Be6 27. Qb2 Nd6
28. Bc5 Nc4 29. Qe2 Rfd8 30. Rd1 h6 31. a4 Bf6 32. Bf1 Kg7 33. a5 Nb5 34. Rxd8
Rxd8 35. Qc2 Ncd6 36. Kh2 Rd7 37. Bd3 Nf7 38. Be2 Nd4 39. Bxd4 exd4 40. b5 axb5
41. Bxb5 Rd8 42. Qc7 Ra8 43. Qb6 Bc8 44. a6 Rxa6 45. Bxa6 bxa6 46. Qc6 1-0

[Event "27e Open International Avoine"]
[Site "Espace culturel d'Avoine-37420"]
[Date "2012.07.27"]
[Round "7.12"]
[White "Guliyev, Namig"]
[Black "Robert, Pierre"]
[Result "1-0"]
[WhiteElo "2539"]
[BlackElo "2087"]
[PlyCount "83"]
[EventDate "2012.??.??"]

1. e4 e5 2. Nf3 Nc6 3. Bb5 a6 4. Ba4 Nf6 5. O-O Nxe4 6. d4 b5 7. Bb3 d5 8. dxe5
Be6 9. c3 Bc5 10. Nbd2 O-O 11. Bc2 Nxf2 12. Rxf2 f6 13. exf6 Bxf2+ 14. Kxf2
Qxf6 15. Nf1 Ne5 16. Be3 Rae8 17. Kg1 Nxf3+ 18. Qxf3 Qxf3 19. gxf3 Rxf3 20. Bf2
Bh3 21. Ng3 Ref8 22. Bc5 R8f7 23. Re1 g6 24. a4 c6 25. a5 Kg7 26. Bd4+ Kf8 27.
b4 Kg8 28. Bd1 R3f4 29. Re8+ Rf8 30. Rxf8+ Kxf8 31. Be2 Ke7 32. Nh1 Rf5 33. Bd3
Rf7 34. Nf2 Bd7 35. Kg2 Bc8 36. h4 Be6 37. Kg3 Bc8 38. Be2 Ke8 39. Nd3 Rf8 40.
Ne5 Bd7 41. Bf3 Kd8 42. Bb6+ 1-0

[Event "27e Open International Avoine"]
[Site "Espace culturel d'Avoine-37420"]
[Date "2012.07.27"]
[Round "7.13"]
[White "Deslias, Gregoire"]
[Black "Dumitrache, Dragos-Nicolae"]
[Result "0-1"]
[WhiteElo "2075"]
[BlackElo "2447"]
[PlyCount "74"]
[EventDate "2012.??.??"]

1. d4 Nf6 2. c4 e6 3. Nc3 Bb4 4. Qc2 c5 5. dxc5 O-O 6. a3 Bxc5 7. Bf4 b6 8. Nf3
Bb7 9. Rd1 Nc6 10. e3 Nh5 11. Bd6 Bxd6 12. Rxd6 Qe7 13. Qd1 Nf6 14. Be2 Rac8
15. O-O Na5 16. Ne5 Bd5 17. Nb5 Nb7 18. Rxd7 Nxd7 19. Nxd7 Qxd7 20. cxd5 Qxd5
21. Qxd5 exd5 22. Nxa7 Rc2 23. Bf3 Ra8 24. Nb5 Rxb2 25. Nc7 Rxa3 26. Nxd5 Nc5
27. h3 Rab3 28. Bd1 Ra3 29. Bf3 g6 30. g4 h6 31. h4 Kg7 32. g5 hxg5 33. hxg5
Ne6 34. Rc1 Nxg5 35. Bg4 Rd3 36. Nf4 Rbd2 37. f3 b5 0-1

[Event "27e Open International Avoine"]
[Site "Espace culturel d'Avoine-37420"]
[Date "2012.07.27"]
[Round "7.14"]
[White "Kostiuk, Tatiana"]
[Black "Leriche, Luc"]
[Result "1-0"]
[WhiteElo "2327"]
[BlackElo "2084"]
[PlyCount "89"]
[EventDate "2012.??.??"]

1. d4 Nf6 2. Nf3 c5 3. d5 b5 4. Bg5 Qb6 5. Bxf6 Qxf6 6. c3 Qb6 7. e4 g6 8. Nbd2
Bg7 9. a4 b4 10. Nc4 Qb7 11. e5 d6 12. Be2 bxc3 13. bxc3 O-O 14. O-O Qc7 15.
Nfd2 Ba6 16. Re1 Bxc4 17. Nxc4 Bxe5 18. Nxe5 dxe5 19. Bf3 Qd6 20. Rb1 Nd7 21.
Be2 Rab8 22. Bb5 Nb6 23. c4 Rfd8 24. Qe2 f6 25. f4 exf4 26. Qxe7 Qxe7 27. Rxe7
Nxc4 28. Rc1 Ne3 29. Rxc5 Rxd5 30. Rcc7 Rd2 31. Rg7+ Kh8 32. Rxh7+ Kg8 33.
Rcg7+ Kf8 34. Rxa7 Rxg2+ 35. Kh1 Kg8 36. Bc4+ Nxc4 37. Kxg2 Ne3+ 38. Kf3 Nf5
39. Rhd7 g5 40. Kg4 Ne3+ 41. Kh5 Nc4 42. Rg7+ Kh8 43. Rh7+ Kg8 44. Rag7+ Kf8
45. Kh6 1-0

[Event "27e Open International Avoine"]
[Site "Espace culturel d'Avoine-37420"]
[Date "2012.07.27"]
[Round "7.16"]
[White "Egreteau, Eric"]
[Black "Safranska, Anda"]
[Result "1/2-1/2"]
[WhiteElo "2044"]
[BlackElo "2298"]
[PlyCount "107"]
[EventDate "2012.??.??"]

1. e4 g6 2. Nc3 Bg7 3. g3 e5 4. Bg2 d6 5. d3 Ne7 6. Be3 c5 7. Qd2 h6 8. Nge2
Nbc6 9. h3 Nd4 10. f4 Bd7 11. O-O Rb8 12. Nc1 b5 13. Nd1 Qc7 14. c3 Ndc6 15.
Ne2 b4 16. g4 bxc3 17. bxc3 exf4 18. Nxf4 Qa5 19. Kh1 Ne5 20. Nb2 O-O 21. Ne2
Kh7 22. Qc2 Bb5 23. Rfb1 Bc6 24. Nc1 Rfc8 25. Nd1 Bb5 26. a4 Ba6 27. Rxb8 Rxb8
28. Ra2 Rc8 29. Nb3 Qd8 30. Nf2 Nxd3 31. Nxd3 Bxd3 32. Qxd3 c4 33. Qd1 cxb3 34.
Rb2 Rxc3 35. Rxb3 Rc7 36. Bf4 Nc8 37. e5 Rc4 38. Bg3 Qg5 39. Qd5 Rc1+ 40. Kh2
dxe5 41. Qxf7 Nd6 42. Qd5 Qe7 43. a5 Rc2 44. a6 Qc7 45. Rd3 Ne8 46. Qa8 Nf6 47.
Rb3 Qc4 48. Rb7 Qd5 49. Rxg7+ Kxg7 50. Qxa7+ Nd7 51. Qg1 Qa2 52. Qf1 Rxg2+ 53.
Qxg2 Qxa6 54. Qd5 1/2-1/2

[Event "27e Open International Avoine"]
[Site "Espace culturel d'Avoine-37420"]
[Date "2012.07.27"]
[Round "7.17"]
[White "Dieu, Bruno"]
[Black "Sobry, Sebastien"]
[Result "1-0"]
[WhiteElo "2279"]
[BlackElo "2039"]
[PlyCount "53"]
[EventDate "2012.??.??"]

1. d4 c5 2. e3 Nf6 3. Nf3 e6 4. Bd3 Nc6 5. b3 d5 6. Bb2 Bd6 7. O-O O-O 8. Nbd2
Re8 9. c4 e5 10. cxd5 Nxd5 11. dxe5 Nxe5 12. Nxe5 Bxe5 13. Bxh7+ Kh8 14. Bxe5
Rxe5 15. Nc4 Re8 16. Bc2 g6 17. Qf3 Nb4 18. Rad1 Qe7 19. Nd6 Rf8 20. Bb1 Rb8
21. Qf4 Kg7 22. Nxf7 Bf5 23. Bxf5 gxf5 24. Ne5 Rbd8 25. Qg3+ Kf6 26. Qh4+ Ke6
27. Qxe7+ 1-0

[Event "27e Open International Avoine"]
[Site "Espace culturel d'Avoine-37420"]
[Date "2012.07.27"]
[Round "7.18"]
[White "Dessenne, Francois"]
[Black "Gerard, Nicolas"]
[Result "1/2-1/2"]
[WhiteElo "2030"]
[BlackElo "2279"]
[PlyCount "36"]
[EventDate "2012.??.??"]

1. e4 d5 2. d4 dxe4 3. Nc3 Nf6 4. f3 c6 5. Nxe4 Nxe4 6. fxe4 e5 7. Nf3 exd4 8.
Bc4 Qa5+ 9. Bd2 Bb4 10. O-O Bxd2 11. Nxd2 Rf8 12. Nb3 Qe5 13. Qf3 f6 14. Rad1
c5 15. Bd5 Nd7 16. c3 dxc3 17. bxc3 Qg5 18. Qd3 Nb6 1/2-1/2

[Event "27e Open International Avoine"]
[Site "Espace culturel d'Avoine-37420"]
[Date "2012.07.27"]
[Round "7.19"]
[White "Pietrasanta, Jeremy"]
[Black "Ashanina, Olga"]
[Result "1-0"]
[WhiteElo "2272"]
[BlackElo "2027"]
[PlyCount "47"]
[EventDate "2012.??.??"]

1. g3 Nf6 2. Bg2 c5 3. c4 Nc6 4. Nc3 d6 5. d3 e6 6. a3 Bd7 7. Rb1 Be7 8. b4
cxb4 9. axb4 Qc8 10. Nf3 O-O 11. O-O d5 12. b5 Na5 13. Qa4 b6 14. Ne5 Rb8 15.
Bf4 Be8 16. Nf3 Ra8 17. Rfc1 Qd8 18. cxd5 exd5 19. Nd4 Bd6 20. Bg5 Rb8 21. Nxd5
Bc5 22. Bxf6 gxf6 23. Nf5 Kh8 24. Qh4 1-0